Whitesnake Songs on the Billboard Hot 100 (USA) - Statistics

General Stats
  • This quiz has been taken 48 times
  • The average score is 4 of 7
Answer Stats
Peak Chart Position, Year Answer % Correct
1, 1987 Here I Go Again
97%
2, 1987 Is This Love
87%
79, 1987 Still of the Night
87%
37, 1989 Fool For Your Loving
63%
48, 1988 Give Me All Your Love
39%
28, 1990 The Deeper the Love
29%
96, 1990 Now You're Gone
26%
No matching quizzes found
Score Distribution
Percent of People with Each Score
Percentile by Number Answered
Your Score History
You have not taken this quiz